000 00465nam a22001457a 4500
005 20240319151911.0
008 240319b ||||| |||| 00| 0 eng d
040 _cAL
041 _aeng
082 _223
_a658.1511
_bACCO
245 _aAccounting Management in Small Scale Industry with Reference to Messers Konkan Speciality Poly Products Pvt Ltd Mangalore
260 _aMangalore
_bSt Aloysius College
_c1993
700 _aARAVIND (B)
_9155445
942 _2ddc
_cPRO
999 _c230527
_d230527